000
00253nam a22001217a 4500
008
180807b xxu||||| |||| 00| 0 eng d
041
_a
eng
080
_a
615
100
_a
5
101
_a
FAR
245
_a
Similac Special Care
_c
Ross
942
_2
udc
_c
BK
999
_c
46940
_d
46940